Основы делопроизводства и язык служебного документа: учебно-практическое пособие

Detalles Bibliográficos
Autor Principal: Шувалова Н. Н. Наталия Николаевна
Autor Corporativo: Российская Академия Государственной службы при Президенте РФ (РАГС) Кафедра государственной службы и кадровой политики
Outros autores: Иванова А. Ю. Анна Юрьевна
Summary:Цель данного учебно-практического пособия — систематизировать знания в области документационного обеспечения управления, способствовать четкому ориентированию в многообразии нормативно-правовых актов, обеспечивающих юридическую силу документов, помочь в грамотном составлении и редактировании текстов служебных документов. Книга адресована преподавателям и студентам вузов, осуществляющих подготовку, переподготовку и повышение квалификации государственных и муниципальных служащих, практическим работникам сферы управления.
Idioma:ruso
Publicado: Ростов-на-Дону, Феникс, 2007
Series:Высшее образование
Subjects:
Formato: Libro
KOHA link:https://koha.lib.tpu.ru/cgi-bin/koha/opac-detail.pl?biblionumber=144168

MARC

LEADER 00000nam0a2200000 4500
001 144168
005 20231101221059.0
010 |a 9785222126202 
035 |a (RuTPU)RU\TPU\book\156250 
090 |a 144168 
100 |a 20080930d2007 m y0rusy50 ca 
101 0 |a rus 
102 |a RU 
105 |a y j 001zy 
200 1 |a Основы делопроизводства и язык служебного документа  |e учебно-практическое пособие  |f Н. Н. Шувалова, А. Ю. Иванова  |g Российская Академия Государственной службы при Президенте РФ (РАГС), Кафедра государственной службы и кадровой политики 
210 |a Ростов-на-Дону  |c Феникс  |d 2007 
215 |a 396 с. 
225 1 |a Высшее образование 
320 |a Библиогр.: с. 275-277. 
330 |a Цель данного учебно-практического пособия — систематизировать знания в области документационного обеспечения управления, способствовать четкому ориентированию в многообразии нормативно-правовых актов, обеспечивающих юридическую силу документов, помочь в грамотном составлении и редактировании текстов служебных документов. Книга адресована преподавателям и студентам вузов, осуществляющих подготовку, переподготовку и повышение квалификации государственных и муниципальных служащих, практическим работникам сферы управления. 
606 1 |a Документоведение  |2 stltpush  |3 (RuTPU)RU\TPU\subj\9867  |9 37026 
606 1 |a Делопроизводство  |x Стандартизация  |2 stltpush  |3 (RuTPU)RU\TPU\subj\9049  |9 36339 
610 1 |a документы 
610 1 |a документоведение 
610 1 |a управление 
610 1 |a документационное обеспечение 
610 1 |a документирование 
610 1 |a стандартизация 
610 1 |a распорядительные документы 
610 1 |a кадровая работа 
610 1 |a документооборот 
610 1 |a служебные документы 
610 1 |a язык 
610 1 |a реквизиты 
610 1 |a оформление 
610 1 |a редактирование 
610 1 |a документальный стиль 
610 1 |a образцы 
610 1 |a учебные пособия 
675 |a 651.4/.9(075.8)  |v 3 
700 1 |a Шувалова  |b Н. Н.  |g Наталия Николаевна 
701 1 |a Иванова  |b А. Ю.  |g Анна Юрьевна 
712 0 2 |a Российская Академия Государственной службы при Президенте РФ (РАГС)  |b Кафедра государственной службы и кадровой политики  |c (Москва)  |2 stltpush  |3 (RuTPU)RU\TPU\col\921 
801 1 |a RU  |b 63413507  |c 20080930  |g PSBO 
801 2 |a RU  |b 63413507  |c 20211012  |g PSBO 
900 |a Делопроизводство 
900 |a Делопроизводство в кадровой службе 
900 |a Делопроизводство и корреспонденция 
900 |a Делопроизводство на персональном компьютере 
900 |a Документирование управленческой деятельности 
900 |a Документоведение в управленческой деятельности 
900 |a Документоведение и делопроизводство 
900 |a Документальная лингвистика 
942 |c BK 
953 |b 080504  |b 080505 
955 |a 521500 
959 |a 82/20080924  |d 2  |e 153,00  |f ЧЗГЛ:1  |f АНЛ:1